000 00580nam a2200181Ia 4500
008 150610s9999 xx 000 0 und d
020 _a0486407845 (pbk.)
050 _aPZ7
_b.B934Se 1999
100 _aBurnett, Frances Hodgson, 1849-1924
245 4 _aThe secret garden /
_cFrances Hodgson Burnett.
260 _aMineola, N.Y. :
_bDover Publications,
_c1999.
300 _a247pages ;
_c21 cm.
520 _aFiction.
650 _aEngland
_bFiction.
650 _aGardens
_xFiction.
650 _aPeople with disabilities
_xFiction.
650 _aYorkshire (England)
_bFiction.
999 _c288135
_d288135